Najludniejsze miasta Albanii - Statystyki

Ogólne statystyki
  • Ten quiz został rozwiązany 18 razy
  • Średni wynik to 5 z 10
Statystyki odpowiedzi
Liczba ludności Misato % Poprawnych
418 495 Tirana
100%
113 249 Durrës
88%
86 677 Szkodra
59%
79 513 Wlora
53%
78 703 Elbasan
35%
51 152 Korcza
35%
36 496 Berat
29%
55 845 Fier
29%
31 424 Lushnja
18%
20 192 Kawaja
6%
Nie znaleziono quizów pasujących do podanych kryteriów
Rozkład punktacji
Procent ludzi z każdym wynikiem
Percentyl według liczby udzielonych odpowiedzi
Twoja historia wyników
Nie rozwiązałeś tego quizu